D.F.L. complementarios 1 al 16 a la ley 16.640 de la reforma agraria

Збережено в:
Бібліографічні деталі
Співавтор: C.O.R.A (Автор)
Формат: Книга
Мова:Іспанська
Опубліковано: Santiago Lord Cochrane 1969
Предмети:
Теги: Додати тег
Немає тегів, Будьте першим, хто поставить тег для цього запису!

MARC

LEADER 00000nam a2200000 a 4500
001 UCS2105
003 CL-VaPUC
008 970516e19690000CL |||||||||||||||||spa|d
082 0 4 |a 346.044  |b COR  |2 21 
110 2 |a C.O.R.A  |e author  |9 387155 
245 1 0 |a D.F.L. complementarios 1 al 16 a la ley 16.640 de la reforma agraria 
300 |a 187 p 
942 |c BK 
945 |d 19970516 00:00:00  |a paguirre 
260 |a Santiago  |b Lord Cochrane  |c 1969 
650 7 |a DERECHO AGRARIO  |2 CL-VaPUC  |9 321361 
650 0 |a REFORMA AGRARIA  |9 256789 
650 0 |a Agricultura  |9 255598 
650 0 |a Propiedades  |9 316623 
650 0 |a Arrendamiento rústico   |9 380564 
650 0 |a Cooperativas agrícolas  |9 346587 
650 7 |a LEGISLACION  |2 CL-VaPUC  |9 387156 
651 7 |a CHILE  |2 CL-VaPUC  |9 387157 
583 |a last modification  |c 19970516 00:00:00  |k Rodrigo Vera 
999 |c 260098  |d 260096 
952 |0 0  |1 0  |4 0  |6 346_044000000000000_COR_1969  |7 0  |8 A  |9 285706  |a BIBDER  |b BIBDER  |d 2019-11-19  |i 1857509  |o 346.044 COR 1969  |p 1857509  |r 2023-01-25  |w 2019-11-19  |y BK  |k DER